[Event "Uni De Paula Santander op 3rd"]
[White "Caceres Quintero, Gerson Mauricio"]
[Black "Perez Lozano, Breiner Camilo"]
[Site "Ocana"]
[Round "6"]
[Result "1-0"]
[Date "2017.10.01"]
[WhiteElo "1773"]
[BlackElo "1476"]
[PlyCount "31"]
[EventDate "2017.09.29"]
[EventType "swiss"]
[EventRounds "7"]
[EventCountry "COL"]
[SourceTitle "CBM 181 Extra"]
[Source "ChessBase"]
[SourceDate "2017.12.12"]
[SourceVersion "1"]
[SourceVersionDate "2017.12.12"]
[SourceQuality "1"]

1. b3 Nf6 2. Nf3 Nc6 3. d4 d5 4. g3 Bf5 5. a3 e6 6. Bg2 Be7 7. Bb2 h6 8. 0-0 0-0 9. Re1 Be4 10. Nbd2 Bh7 11. h3 Re8 12. Ne5 Qd6 13. c4 dxc4 14. Ndxc4 Qd8 15. Nxc6 Nd5 16. Nxd8 1-0

[Event "Uni De Paula Santander op 3rd"]
[White "Velandia Rojas, Diego"]
[Black "Caceres Quintero, Gerson Mauricio"]
[Site "Ocana"]
[Round "3"]
[Result "1-0"]
[Date "2017.09.30"]
[WhiteElo "1667"]
[BlackElo "1773"]
[PlyCount "54"]
[EventDate "2017.09.29"]
[EventType "swiss"]
[EventRounds "7"]
[EventCountry "COL"]
[SourceTitle "CBM 181 Extra"]
[Source "ChessBase"]
[SourceDate "2017.12.12"]
[SourceVersion "1"]
[SourceVersionDate "2017.12.12"]
[SourceQuality "1"]

1. c4 d5 2. cxd5 Nf6 3. Nc3 Nxd5 4. Nf3 e6 5. g3 Be7 6. Bg2 Nc6 7. 0-0 g5 8. d3 g4 9. Nd2 h5 10. Qb3 Nb6 11. Qd1 e5 12. Nc4 Be6 13. Bxc6+ bxc6 14. Nxe5 Bf6 15. Bf4 Bxe5 16. Bxe5 f6 17. Bf4 h4 18. Rc1 hxg3 19. Bxg3 Qe7 20. Ne4 Bd5 21. Nc3 Be6 22. Qd2 0-0-0 23. Qf4 Rh5 24. Ne4 Nd5 25. Qd2 f5 26. Nc5 f4 27. Qa5 Kb8 1-0

[Event "COL-ch Amateur U2000"]
[White "Vargas, David"]
[Black "Caceres Quintero, Gerson Mauricio"]
[Site "Bogota"]
[Round "3"]
[Result "0-1"]
[Date "2017.03.03"]
[WhiteElo "1992"]
[BlackElo "1780"]
[PlyCount "61"]
[EventDate "2017.03.02"]
[EventType "swiss"]
[EventRounds "7"]
[EventCountry "COL"]
[SourceTitle "CBM 177 Extra"]
[Source "ChessBase"]
[SourceDate "2017.04.27"]
[SourceVersion "1"]
[SourceVersionDate "2017.04.27"]
[SourceQuality "1"]

1. c4 d5 2. cxd5 Nf6 3. d4 Nxd5 4. e4 Nf6 5. Nc3 e6 6. Nf3 Be7 7. Bd3 c6 8. h3 Nbd7 9. 0-0 Nf8 10. Be3 Ng6 11. Qe2 0-0 12. Rfd1 Qc7 13. Rac1 Nf4 14. Bxf4 Qxf4 15. a3 Re8 16. Bb1 Bf8 17. e5 Nd5 18. Qc2 g6 19. Ne2 Qh6 20. Ba2 Bd7 21. Ng3 Be7 22. Nh2 Qg7 23. Ne4 Rad8 24. Qe2 Bc8 25. Qf3 Rf8 26. Ng4 f5 27. exf6 Nxf6 28. Ng5 Nd5 29. Nxe6 Bxe6 30. Qe2 Bxg4 31. hxg4 0-1

[Event "Uni De Paula Santander op 2nd"]
[White "Pena Mora, Carlos"]
[Black "Caceres Quintero, Gerson Mauricio"]
[Site "Ocana"]
[Round "4"]
[Result "1/2-1/2"]
[Date "2016.09.24"]
[WhiteElo "1603"]
[BlackElo "1746"]
[PlyCount "85"]
[EventDate "2016.09.23"]
[EventType "swiss"]
[EventRounds "7"]
[EventCountry "COL"]
[SourceTitle "EXT 2018"]
[Source "ChessBase"]
[SourceDate "2017.10.13"]
[SourceVersion "1"]
[SourceVersionDate "2017.10.13"]
[SourceQuality "1"]

1. c4 d5 2. d4 c6 3. cxd5 cxd5 4. Nf3 Nc6 5. Nc3 Bg4 6. e3 Nf6 7. Bd3 e5 8. Be2 e4 9. Nd2 Bf5 10. a3 Bd6 11. b4 0-0 12. 0-0 Rc8 13. Bb2 Bb8 14. Rc1 Re8 15. Re1 Qd6 16. Nf1 a6 17. Na4 Rc7 18. h3 Bc8 19. Nb6 Be6 20. Qb3 Nd7 21. Nxd7 Qxd7 22. Rc2 Rec8 23. Rec1 Qe8 24. Rc5 Ba7 25. R5c2 f6 26. Qa4 Bd7 27. b5 axb5 28. Bxb5 Bb6 29. Qb3 Qe6 30. Bxc6 Rxc6 31. Bc3 g5 32. Bb4 Rxc2 33. Rxc2 Rxc2 34. Qxc2 Bb5 35. Qd1 f5 36. a4 Be8 37. a5 Bc7 38. Qc2 Bc6 39. Qc5 Qf6 40. Qe7 Qxe7 41. Bxe7 h6 42. Bb4 Kf7 43. Nd2 1/2-1/2

[Event "Villamaria op 2nd"]
[White "Valencia Jimenez, Alejandro"]
[Black "Caceres Quintero, Gerson Mauricio"]
[Site "Villamaria"]
[Round "2"]
[Result "0-1"]
[Date "2016.07.02"]
[WhiteElo "1571"]
[BlackElo "1764"]
[PlyCount "34"]
[EventDate "2016.07.02"]
[EventType "swiss"]
[EventRounds "7"]
[EventCountry "COL"]
[SourceTitle "CBM 173 Extra"]
[Source "ChessBase"]
[SourceDate "2016.08.29"]
[SourceVersion "1"]
[SourceVersionDate "2016.08.29"]
[SourceQuality "1"]

1. e4 d5 2. exd5 Nf6 3. Nc3 Nxd5 4. Nxd5 Qxd5 5. Ne2 Bg4 6. f3 Bh5 7. Nc3 Qd7 8. d4 e6 9. a3 a6 10. Bc4 Be7 11. 0-0 c6 12. Qd3 0-0 13. Bf4 b5 14. Ba2 Bg6 15. Qd2 Rd8 16. Rad1 a5 17. b4 axb4 0-1

[Event "Bogota IRT op 06"]
[White "Nieto, Manuel Valerio Wald"]
[Black "Caceres Quintero, Gerson Mauricio"]
[Site "Bogota"]
[Round "2"]
[Result "1-0"]
[Date "2012.06.09"]
[WhiteElo "1965"]
[BlackElo "1734"]
[PlyCount "71"]
[EventDate "2012.06.08"]
[EventType "swiss"]
[EventRounds "7"]
[EventCountry "COL"]
[SourceTitle "CBM 148 Extra"]
[Source "ChessBase"]
[SourceDate "2012.06.22"]
[SourceVersion "1"]
[SourceVersionDate "2012.06.22"]
[SourceQuality "1"]

1. e4 d5 2. exd5 Nf6 3. c4 c6 4. d4 cxd5 5. Nc3 Nc6 6. Be3 e6 7. Be2 Be7 8. Nf3 0-0 9. 0-0 Bd6 10. Bg5 dxc4 11. Bxc4 h6 12. Bxf6 Qxf6 13. Ne4 Qe7 14. d5 Ne5 15. Nxd6 Nxf3+ 16. Qxf3 Qxd6 17. dxe6 fxe6 18. Qb3 Rf6 19. Rad1 Qc6 20. Rd8+ Kf7 21. Qb4 Qc7 22. Rf8+ Kg6 23. Bd3+ Kh5 24. Be2+ Kg6 25. Qg4+ Kh7 26. Bd3+ Rf5 27. Bxf5+ exf5 28. Qd4 b6 29. Qd8 Qe5 30. Rh8+ Kg6 31. Qe8+ Qxe8 32. Rxe8 Bb7 33. Rxa8 Bxa8 34. Rc1 Bd5 35. b3 a5 36. Rd1 1-0

[Event "Bogota McGregor op 2nd"]
[White "Garcia Alarcon, Alvaro"]
[Black "Caceres Quintero, Gerson Mauricio"]
[Site "Bogota"]
[Round "1"]
[Result "1-0"]
[Date "2011.12.06"]
[WhiteElo "2212"]
[BlackElo "1773"]
[PlyCount "67"]
[EventDate "2011.12.06"]
[EventType "swiss"]
[EventRounds "10"]
[EventCountry "COL"]
[SourceTitle "CBM 145 Extra"]
[Source "ChessBase"]
[SourceDate "2012.01.03"]
[SourceVersion "1"]
[SourceVersionDate "2012.01.03"]
[SourceQuality "1"]

1. d4 d5 2. c4 c6 3. Nc3 e6 4. e3 Nf6 5. Nf3 Be7 6. b3 Bb4 7. Bd2 Nbd7 8. Bd3 a6 9. Qc2 Rb8 10. h3 g6 11. a3 Ba5 12. 0-0 0-0 13. e4 Bxc3 14. Bxc3 b5 15. e5 Nh5 16. cxb5 cxb5 17. Bb4 Re8 18. Qd2 Nf8 19. Qh6 f5 20. g4 Ng7 21. Ng5 Rb7 22. Bxf8 Kxf8 23. Nxh7+ Kf7 24. Ng5+ Qxg5 25. Qxg5 Rf8 26. Rac1 Bd7 27. Rc5 Be8 28. Rfc1 Kg8 29. Rc7 Rf7 30. Rxb7 Rxb7 31. Rc8 Kh7 32. h4 Bf7 33. Rf8 Ne8 34. h5 1-0

[Event "Bogota Univ Central op-A 5th"]
[White "Pinzon, Jairo David"]
[Black "Caceres Quintero, Gerson Mauricio"]
[Site "Bogota"]
[Round "1.1"]
[Result "1-0"]
[Date "2011.10.13"]
[WhiteElo "2194"]
[BlackElo "1722"]
[PlyCount "63"]
[EventDate "2011.10.13"]
[EventType "swiss"]
[EventRounds "9"]
[EventCountry "COL"]
[SourceTitle "EXT 2024"]
[Source "ChessBase"]
[SourceDate "2023.10.10"]
[SourceVersion "1"]
[SourceVersionDate "2023.10.10"]
[SourceQuality "1"]

1. c4 c5 2. Nc3 Nc6 3. Nf3 Nf6 4. d4 cxd4 5. Nxd4 d5 6. cxd5 Nxd5 7. Nxc6 bxc6 8. Bd2 e6 9. e4 Nb6 10. Be2 Be7 11. 0-0 0-0 12. Rc1 Rb8 13. Bf4 Ra8 14. Rc2 Bb7 15. Qc1 Rc8 16. Rd1 Qe8 17. Nb1 Kh8 18. Nd2 Nd7 19. Nc4 c5 20. Qe3 Nf6 21. f3 Ba6 22. Nd6 Bxd6 23. Bxd6 Bxe2 24. Qxe2 Rg8 25. Bxc5 Qa4 26. b3 Qa5 27. Be3 h6 28. Rxc8 Rxc8 29. Qd2 Qxd2 30. Rxd2 Rc1+ 31. Kf2 a6 32. Rd8+ 1-0

[Event "Medellin Amateur op"]
[White "Caceres Quintero, Gerson Mauricio"]
[Black "Gamboa Giraldo, Juan Esteban"]
[Site "Medellin"]
[Round "7.28"]
[Result "1-0"]
[Date "2011.04.23"]
[WhiteElo "1600"]
[BlackElo "1467"]
[PlyCount "40"]
[EventDate "2011.04.20"]
[EventType "swiss"]
[EventRounds "9"]
[EventCountry "COL"]
[SourceTitle "EXT 2024"]
[Source "ChessBase"]
[SourceDate "2023.10.10"]
[SourceVersion "1"]
[SourceVersionDate "2023.10.10"]
[SourceQuality "1"]

1. d4 d5 2. Nf3 Nc6 3. g3 Nf6 4. Bg2 Bg4 5. 0-0 Qd7 6. a4 h5 7. h4 Bh3 8. Bg5 0-0-0 9. Na3 Ne4 10. Bf4 f6 11. Nb5 Nd6 12. c3 Kb8 13. b4 a6 14. Na3 Na7 15. Qb3 Bxg2 16. Kxg2 e6 17. Rab1 b6 18. c4 Nb7 19. Rfc1 Ka8 20. c5 Rc8 1-0